| 000 | 01141nam a22003135i 4500 | ||
|---|---|---|---|
| 003 | EG-ScBUE | ||
| 005 | 20250527100043.0 | ||
| 008 | 090623r19961975e a f b 001 0 eng d | ||
| 020 | _a0198518706 (pbk) | ||
| 020 | _a9780198518709 | ||
| 040 |
_aEG-ScBUE _beng _erda _cEG-ScBUE _dEG-ScBUE |
||
| 082 | 0 | 4 |
_a530.41 _bROS _222 |
| 100 | 1 |
_aRosenberg, H. M., _96749 _eauthor. |
|
| 245 | 1 | 4 |
_aThe solid state : _ban introduction to the physics of solids for students of physics, materials science, and engineering / _cH. M. Rosenberg. |
| 250 | _aThird edition. | ||
| 250 | _aReprinted edition. | ||
| 264 | 1 |
_aOxford : _bOxford University Press, _c1996. |
|
| 300 |
_aviii, 315 pages : _billustrations ; _c22 cm. |
||
| 336 |
_2rdacontent _atext _btxt |
||
| 337 |
_aunmediated _2rdamedia _bn |
||
| 338 |
_avolume _bnc _2rdacarrier |
||
| 490 | 0 |
_aOxford physics series ; _v9 |
|
| 500 | _aReprint of the 1975 edtion. | ||
| 504 | _aIncludes bibliographical references and index. | ||
| 650 | 7 |
_aSolid state physics. _2BUEsh _96750 |
|
| 650 | 7 |
_aSolids _xStructure & physical properties. _2BUEsh _96751 |
|
| 655 | _vReading book | ||
| 942 |
_2ddc _cBB |
||
| 999 |
_c1724 _d1724 |
||